[Event "ICS rated blitz match"]
[Site "207.99.83.229"]
[Date "1999.05.27"]
[Round "?"]
[White "Fallen-Star"]
[Black "Hossa"]
[Result "0-1"]
[WhiteElo "2448"]
[BlackElo "2430"]
[PlyCount "43"]

1. e4 e6 2. d3 d5 3. Nd2 Nc6 4. Ngf3 Nf6 5. g3 Bd6 6. Bg2 O-O 7. O-O dxe4 8.
dxe4 e5 9. c3 Qd7 10. Qe2 Qg4 11. h3 Qh5 12. g4 Nxg4 13. hxg4 Qxg4 14. Rd1 f5
15. Kf1 fxe4 16. Qxe4 Rf4 17. Qd5+ Be6 18. Qb5 Rb8 19. Qe2 Rbf8 20. b3 e4 21.
Nxe4 Rxe4 22. Qc2 {Fallen-Star resigns} 0-1

[Event "ICS rated blitz match"]
[Site "207.99.83.229"]
[Date "1999.05.27"]
[Round "?"]
[White "landen"]
[Black "Hossa"]
[Result "1-0"]
[WhiteElo "2494"]
[BlackElo "2454"]
[PlyCount "99"]

1. d4 Nf6 2. Bg5 c5 3. d5 Qb6 4. Nc3 Qxb2 5. Bd2 Na6 6. a3 e6 7. e4 exd5 8.
exd5 Nc7 9. Nf3 Nfxd5 10. Nxd5 Nxd5 11. Bc4 Nb6 12. Bd3 c4 13. Be2 Bxa3 14. O-O
O-O 15. Be3 Be7 16. Bd4 Qb4 17. c3 Qd6 18. Nd2 Qc7 19. Ra5 Bd6 20. g3 Re8 21.
Bxb6 Qxb6 22. Nxc4 Qd8 23. Nxd6 Qxa5 24. Nxe8 Qxc3 25. Nd6 Qf6 26. Bc4 g6 27.
Re1 Qc3 28. Re8+ Kg7 29. Qd5 Qa1+ 30. Kg2 Qf6 31. Nxf7 Qc6 32. Nd6 Kh6 33. h4
b6 34. Kh2 Qxd5 35. Bxd5 Bb7 36. Bxb7 Rxe8 37. Nxe8 b5 38. Kg2 b4 39. f4 Kh5
40. Bf3+ Kh6 41. g4 d5 42. Bxd5 a6 43. Kg3 g5 44. hxg5+ Kg6 45. Kh4 h5 46. f5+
Kh7 47. g6+ Kh6 48. g7 a5 49. g8=Q b3 50. Qg6# {Hossa checkmated} 1-0

[Event "ICS rated blitz match"]
[Site "207.99.83.229"]
[Date "1999.05.27"]
[Round "?"]
[White "Hossa"]
[Black "Kob"]
[Result "1-0"]
[WhiteElo "2440"]
[BlackElo "2302"]
[PlyCount "57"]

1. d4 Nf6 2. Nf3 g6 3. Nc3 Bg7 4. e4 O-O 5. Bd3 d6 6. O-O Nc6 7. d5 Ne5 8. Nxe5
dxe5 9. Bg5 h6 10. Be3 e6 11. f4 exf4 12. Bc5 exd5 13. Bxf8 Qxf8 14. Rxf4 dxe4
15. Bxe4 Nxe4 16. Rxe4 Bf5 17. Rc4 Rd8 18. Qf3 c6 19. Qf2 Qd6 20. Kh1 Qd2 21.
Qxa7 Qxc2 22. Qb6 Be6 23. Qxd8+ Kh7 24. Rb4 Bxc3 25. bxc3 Bd5 26. Rg1 Qxc3 27.
Rxb7 Qc2 28. Rb8 Bxg2+ 29. Rxg2 {Kob resigns} 1-0

[Event "ICS rated blitz match"]
[Site "207.99.83.229"]
[Date "1999.05.27"]
[Round "?"]
[White "Maroczy"]
[Black "Hossa"]
[Result "1/2-1/2"]
[WhiteElo "2324"]
[BlackElo "2450"]
[PlyCount "120"]

1. e4 e6 2. d4 d5 3. Nc3 Nf6 4. Bg5 dxe4 5. Nxe4 Bb4+ 6. c3 Be7 7. Bxf6 Bxf6 8.
Nf3 O-O 9. Bd3 Be7 10. O-O Qd5 11. Qe2 Nd7 12. c4 Qh5 13. Ng3 Qg4 14. h3 Qf4
15. Rfe1 c5 16. Qe4 Qxe4 17. Nxe4 cxd4 18. Nxd4 Rd8 19. Rad1 Ne5 20. Bf1 Bb4
21. Nc3 Bxc3 22. bxc3 f6 23. Nb5 Bd7 24. f4 Nf7 25. Be2 Kh8 26. Bf3 Rac8 27.
Bxb7 Rxc4 28. Nd6 Nxd6 29. Rxd6 Rc7 30. Bf3 Rf8 31. Bg4 Bb5 32. Rdxe6 Rxc3 33.
Re7 a6 34. Ra7 Rc2 35. Ree7 Rxa2 36. Rxg7 Bd3 37. f5 Rd8 38. Rxh7+ Kg8 39.
Rag7+ Kf8 40. Rf7+ Kg8 41. h4 Be4 42. Bh3 Bd5 43. Rfg7+ Kf8 44. h5 Bg8 45. Rd7
Rxd7 46. Rxd7 Ra4 47. g4 Bc4 48. h6 Ra1+ 49. Kh2 Ra2+ 50. Kg3 Ra3+ 51. Kh4 Bg8
52. h7 Bxh7 53. Rxh7 a5 54. Ra7 Ke8 55. Kh5 Rxh3+ 56. Kg6 Rg3 57. Kxf6 Rxg4 58.
Rxa5 Re4 59. Re5+ Rxe5 60. Kxe5 60... Kf7 {
Maroczy ran out of time and Hossa has no material to mate} 1/2-1/2

[Event "ICS rated blitz match"]
[Site "207.99.83.229"]
[Date "1999.05.27"]
[Round "?"]
[White "Hossa"]
[Black "Maroczy"]
[Result "1-0"]
[WhiteElo "2444"]
[BlackElo "2341"]
[PlyCount "35"]

1. d4 Nf6 2. Nf3 g6 3. Nc3 d5 4. Bf4 Bg7 5. Qd2 O-O 6. O-O-O Nbd7 7. Ne5 c5 8.
dxc5 e6 9. Nxd7 Nxd7 10. Bh6 Bxh6 11. Qxh6 Qf6 12. Qe3 Ne5 13. f4 Nc4 14. Qf2
Na5 15. e4 dxe4 16. Nxe4 Qe7 17. h4 Bd7 18. Rxd7 {Maroczy resigns} 1-0

[Event "ICS rated blitz match"]
[Site "207.99.83.229"]
[Date "1999.05.27"]
[Round "?"]
[White "Hossa"]
[Black "XXXX-2"]
[Result "0-1"]
[WhiteElo "2461"]
[BlackElo "2550"]
[Annotator "Fritz 5.32 (22s)"]
[PlyCount "77"]

1. d4 1... d5 {Opening = D35 - 3.Nc3 Nf6(4.cd5 ed5 5.Bg5 c6 6.---)} 2. c4 e6 3.
cxd5 exd5 4. Nc3 Nf6 5. Bg5 Nbd7 6. Qa4 $146 (6. e3 c6 (6... Bb4 7. Bd3 c5 8.
Nge2 c4 9. Bc2 Qa5 10. f3 O-O 11. O-O h6 12. Bh4 b5 13. a4 Bxc3 14. axb5 Qxb5
15. bxc3 a5 16. e4 Qa6 17. e5 Nh7 18. Qb1 g6 19. f4 Rb8 20. Qa2 Ra8 21. f5 g5
22. Bg3 f6 23. e6 Nb6 24. Rfb1 Ra7 25. Bd6 {
1-0 Moskalenko,V-Perez,P/Mesa op 1992 (25)}) (6... Be7 7. Bd3 O-O 8. Nge2 Re8
9. Qc2 c6 10. O-O-O Nf8 11. h3 a5 12. g4 b5 13. Nf4 a4 14. Bxf6 Bxf6 15. Bf5
Qa5 16. Nce2 b4 17. Qc5 Qa6 18. Qxb4 Bxf5 19. gxf5 Rab8 20. Qa3 c5 21. Kb1 {
Hermansson T-Thorsteinsson Th/It ( shv. ), Reykjavik (7) 1988/1-0 (45)}) 7. Bd3
Bd6 8. Qc2 h6 9. Bxf6 Nxf6 10. O-O-O Bd7 11. Nf3 Qb6 12. h3 O-O-O 13. e4 dxe4
14. Nxe4 Nxe4 15. Bxe4 Kb8 16. Rhe1 Be6 17. Kb1 Rhe8 18. Ka1 Qa5 19. b3 Bb4 20.
Re3 20... Rd6 {Terwitte,J-Haecker,A/DEM U13 Pinneberg 1996/0-1 (34)}) 6... c6 {
Befestigt b5} 7. Nf3 Be7 8. Qc2 O-O 9. O-O-O (9. e3 h6 10. Bf4 10... Re8 $11)
9... h6 10. Bh4 Nb6 11. e3 Be6 12. Bd3 Rc8 13. Ne5 13... Nbd7 $11 (13... c5 14.
h3 $15) 14. Bf5 $15 (14. f4 Nxe5 15. fxe5 Nd7 16. Bxe7 16... Qxe7 $15) 14...
Nxe5 (14... c5 15. Rhe1 $15) 15. dxe5 Ng4 16. Bxe7 $17 (16. Bxe6 fxe6 17. Qg6
Bxh4 18. Qxe6+ Kh7 19. Qxg4 19... Bxf2 $17 (19... Rxf2 $6 20. Kb1 $11)) 16...
Qxe7 17. Bxg4 Bxg4 18. Rd4 Bd7 19. Qb3 Rc7 20. f4 20... Bf5 $15 (20... f6 21.
Rhd1 $17) 21. e4 $17 (21. Re1 Qh4 22. Qd1 22... Qxh2 $17) 21... dxe4 22. Nxe4 (
22. Qc4 Be6 23. Qe2 23... Qc5 $17) 22... c5 23. Ra4 23... b5 $1 {
und der Wal spuckt Jonas wieder aus} 24. Qxb5 Bd7 25. Qc4 Bxa4 26. Qxa4 Rb7 27.
Rf1 27... Qh4 $17 (27... Rb4 28. Qc2 $19) 28. Nd6 $2 $19 (28. h3 $17 $142)
28... Rb4 29. Qxa7 29... Rxf4 {Es droht Matt} 30. Rh1 (30. Rd1 Qg5 31. Kb1
31... Qxe5 $19) 30... Qg5 31. Kb1 Qxe5 ({Schwaecher ist} 31... Qxg2 32. Rc1
Qg6+ 33. Ka1 $19) 32. Rd1 (32. Qc7 {hilft auch nicht mehr} 32... Rf2 33. Qb6
33... Qd5 $19) 32... Qe2 {Droht Matt} 33. Rc1 Qd3+ 34. Ka1 34... Qc2 {
Droht Matt: Qxc1} 35. Rg1 (35. Rxc2 $4 {zu gefraessig} 35... Rf1+ 36. Rc1 Rxc1#
) 35... Ra4 {Mit der Mattdrohung Rxa7} 36. Qxa4 Qxa4 37. Nf5 Rb8 38. g4 Qc2 (
38... c4 {waere im Gewinnsinne praeziser} 39. Ne3 Ra8 40. a3 $19) 39. Rb1 0-1

[Event "ICS rated blitz match"]
[Site "207.99.83.229"]
[Date "1999.05.27"]
[Round "?"]
[White "Varguz"]
[Black "Hossa"]
[Result "1-0"]
[WhiteElo "2860"]
[BlackElo "2449"]
[PlyCount "80"]

1. e4 e6 2. d4 d5 3. Nc3 dxe4 4. Nxe4 Qd5 5. Bd3 f5 6. c4 Qc6 7. Ng3 Qxg2 8.
Nf3 Bb4+ 9. Ke2 Ne7 10. h4 Nbc6 11. Rg1 Qh3 12. Nh5 Bd6 13. Nxg7+ Kd8 14. c5
Bh2 15. Qf1 Qxf1+ 16. Rxf1 Rg8 17. Bh6 Bf4 18. Bxf4 Rxg7 19. Rg1 Rg4 20. Bg5
Bd7 21. Rxg4 fxg4 22. Ne5 Nxd4+ 23. Ke3 Ndc6 24. Nxg4 e5 25. Nh6 Kc8 26. Bxh7
Kd8 27. Ng8 Bg4 28. Be4 Be6 29. Bxc6 Bxg8 30. Rd1+ Kc8 31. Bd7+ Kb8 32. Bxe7
Bxa2 33. h5 Bb3 34. h6 a5 35. h7 Ka7 36. Rh1 Rh8 37. Bf6 Rxh7 38. Rxh7 b6 39.
Bxe5 bxc5 40. Bxc7 40... Kb7 {Hossa resigns} 1-0

[Event "ICS rated blitz match"]
[Site "207.99.83.229"]
[Date "1999.05.27"]
[Round "?"]
[White "Quaestor"]
[Black "Hossa"]
[Result "1-0"]
[WhiteElo "2745"]
[BlackElo "2488"]
[PlyCount "179"]

1. e4 e6 2. Nf3 d5 3. exd5 exd5 4. d4 Nf6 5. Bd3 Qe7+ 6. Be2 Be6 7. O-O Nc6 8.
c3 O-O-O 9. Qa4 Kb8 10. Bb5 Qd6 11. Bg5 Bd7 12. Nbd2 Re8 13. Rad1 h6 14. Bh4 a6
15. Bxc6 Bxc6 16. Qc2 g5 17. Bg3 Qe6 18. Rfe1 Qg4 19. Ne5 Qe6 20. f3 Ng8 21.
Nxc6+ Qxc6 22. Qf5 Rxe1+ 23. Rxe1 Nf6 24. Re2 Rg8 25. Be5 Bg7 26. Nf1 Qb5 27.
Ng3 Qc6 28. Nh5 Nxh5 29. Qxf7 Rc8 30. Bxg7 Qb5 31. Rd2 Nxg7 32. Qxg7 Qe8 33.
Kf1 Qh5 34. h3 Re8 35. Qd7 Qg6 36. Kf2 c6 37. b3 Ka8 38. c4 Qg8 39. cxd5 cxd5
40. Rc2 Rd8 41. Qc7 Re8 42. Qb6 Re6 43. Qb4 Qd8 44. a4 h5 45. a5 Kb8 46. Re2
Rxe2+ 47. Kxe2 h4 48. Qc5 Qd7 49. Kd2 Qd8 50. Kd1 Ka8 51. Ke1 Qe8+ 52. Kd2 Qd8
53. Kc3 Kb8 54. Kb2 Ka8 55. Ka3 Kb8 56. Ka2 Ka8 57. Kb2 Kb8 58. Kb1 Ka8 59. b4
Qg8 60. Kc1 Qd8 61. Kc2 Qg8 62. Qd6 Qc8+ 63. Kd2 Qc4 64. Qf8+ Ka7 65. Qc5+ Qxc5
66. bxc5 Kb8 67. Ke3 Kc7 68. f4 gxf4+ 69. Kxf4 Kc6 70. Kf3 Kb5 71. g3 Kc4 72.
gxh4 Kxd4 73. Kf4 Kc4 74. h5 d4 75. c6 bxc6 76. h6 d3 77. Ke3 Kc3 78. h7 d2 79.
h8=Q+ Kc2 80. Qd8 d1=Q 81. Qxd1+ Kxd1 82. Kd3 Ke1 83. h4 Kd1 84. h5 Kc1 85. h6
Kb2 86. h7 Kb3 87. h8=Q c5 88. Qc3+ Ka2 89. Kc2 c4 90. Qb2# {Hossa checkmated}
1-0

[Event "ICS rated blitz match"]
[Site "207.99.83.229"]
[Date "1999.05.27"]
[Round "?"]
[White "YucLam"]
[Black "Hossa"]
[Result "0-1"]
[WhiteElo "2490"]
[BlackElo "2482"]
[PlyCount "36"]

1. d4 d5 2. Nf3 Nf6 3. e3 e6 4. Bd3 Be7 5. Nbd2 O-O 6. O-O Nc6 7. c3 Qd6 8. Qe2
Bd7 9. b3 e5 10. dxe5 Nxe5 11. Nxe5 Qxe5 12. Bb2 Bg4 13. Nf3 Qh5 14. Kh1 Ne4
15. Qd1 Bd6 16. h3 Ng5 17. Be2 Nxh3 18. gxh3 18... Bxf3+ {YucLam resigns} 0-1

[Event "ICS Rated standard match"]
[Site "207.99.83.229"]
[Date "1999.05.28"]
[Round "?"]
[White "Hossa"]
[Black "Scandinavian"]
[Result "1-0"]
[WhiteElo "2242"]
[BlackElo "2139"]
[PlyCount "87"]

1. e4 d5 2. exd5 Nf6 3. d4 Bg4 4. Bb5+ Nbd7 5. f3 Bf5 6. Nc3 a6 7. Bd3 Bxd3 8.
Qxd3 Nb6 9. Bg5 Nfxd5 10. Nge2 Qd7 11. O-O-O e6 12. Bh4 Bd6 13. Nxd5 Nxd5 14.
c4 Qc6 15. Kb1 Ne7 16. c5 Ng6 17. cxd6 Nxh4 18. Rc1 Qxd6 19. Qe4 Ng6 20. Qxb7
Kd7 21. Qe4 Rhb8 22. h4 h6 23. Rc2 Ra7 24. Qg4 Rab7 25. Ka1 Rb5 26. h5 Qb6 27.
Rb1 Rg5 28. Qh3 Ne7 29. Qh2 Nd5 30. Rbc1 Kc8 31. f4 Rf5 32. Qg3 Rxh5 33. Qxg7
f6 34. Qg6 Rh4 35. Qg3 Rh5 36. Qf3 Rh4 37. f5 Rb7 38. g3 Rh2 39. Qg4 Rb8 40.
fxe6 Kb7 41. Qf3 c6 42. Rxc6 Qxc6 43. Rxc6 Kxc6 44. Nc3 {Scandinavian resigns}
1-0

[Event "ICS rated blitz match"]
[Site "207.99.83.229"]
[Date "1999.05.28"]
[Round "?"]
[White "Hossa"]
[Black "RockyMtnHigh"]
[Result "1-0"]
[WhiteElo "2498"]
[BlackElo "2787"]
[PlyCount "135"]

1. e4 e5 2. Nf3 Nc6 3. Bb5 a6 4. Ba4 Nf6 5. O-O Be7 6. Re1 b5 7. Bb3 d6 8. c3
O-O 9. d4 exd4 10. cxd4 d5 11. exd5 Nxd5 12. a4 b4 13. Qc2 Qd6 14. Nbd2 Rd8 15.
Nc4 Qg6 16. Qxg6 hxg6 17. Nce5 Nxe5 18. Nxe5 Bb7 19. Nxg6 Bf6 20. Ne5 Re8 21.
Bxd5 Bxd5 22. Bf4 b3 23. Re3 c6 24. Rae1 Re6 25. Rc1 Rd8 26. Rcc3 Kf8 27. a5
Kg8 28. Bg3 Rf8 29. f4 g6 30. f5 gxf5 31. Bf4 Rd8 32. Rg3+ Bg7 33. Kf2 Rc8 34.
h4 Rce8 35. Be3 Kh7 36. Rg5 f4 37. Bxf4 f6 38. Rh5+ Kg8 39. Rg3 fxe5 40. Bxe5
Rf8+ 41. Kg1 Re7 42. Rg6 Rxe5 43. dxe5 Bf7 44. Rxg7+ Kxg7 45. Rg5+ Kh6 46. Rf5
Kg7 47. h5 Rh8 48. g4 Rh6 49. Kf2 Be6 50. Rf4 c5 51. Kg3 c4 52. Rf3 Bd5 53. Rc3
Rc6 54. Kf4 Rc5 55. g5 Rxa5 56. Rc1 Ra2 57. Rd1 Rxb2 58. Rxd5 c3 59. h6+ Kg6
60. Rd6+ Kh7 61. Rd7+ Kh8 62. g6 Rf2+ 63. Ke3 Rf8 64. g7+ Kg8 65. h7+ Kxh7 66.
gxf8=Q+ Kg6 67. Rg7+ Kh5 68. Qh8# {RockyMtnHigh checkmated} 1-0

[Event "ICS rated blitz match"]
[Site "207.99.83.229"]
[Date "1999.05.28"]
[Round "?"]
[White "Hossa"]
[Black "jacdion"]
[Result "0-1"]
[WhiteElo "2525"]
[BlackElo "2800"]
[PlyCount "62"]

1. e4 c5 2. Nf3 e6 3. d4 cxd4 4. Nxd4 Nf6 5. Nc3 d6 6. Be3 a6 7. f3 b5 8. Bd3
Be7 9. O-O O-O 10. a4 b4 11. Nce2 d5 12. Bf4 dxe4 13. fxe4 Bc5 14. c3 Nc6 15.
Be3 bxc3 16. bxc3 Ng4 17. Bf2 e5 18. Rc1 exd4 19. cxd4 Qd6 20. Bg3 Bxd4+ 21.
Nxd4 Qxd4+ 22. Bf2 Nxf2 23. Rxf2 Bg4 24. Qb3 Ne5 25. Bb1 Rac8 26. Rxc8 Rxc8 27.
Qa3 Qb6 28. h3 Be2 29. Qe7 Nf3+ 30. Kh1 Rc1+ 31. Rf1 31... Rxf1# {
Hossa checkmated} 0-1

[Event "ICS rated blitz match"]
[Site "207.99.83.229"]
[Date "1999.05.28"]
[Round "?"]
[White "YucLam"]
[Black "Hossa"]
[Result "0-1"]
[WhiteElo "2451"]
[BlackElo "2520"]
[PlyCount "64"]

1. e3 c5 2. Nf3 d5 3. d4 Bd7 4. c3 Nf6 5. Bd3 c4 6. Bc2 Nc6 7. Nbd2 Qa5 8. O-O
O-O-O 9. Ne5 Nxe5 10. dxe5 Ng4 11. Nf3 f6 12. h3 Nxe5 13. Nxe5 fxe5 14. b4 cxb3
15. axb3 Qxa1 16. Qe2 Qxc3 17. Bd2 Qb2 18. Rc1 Kb8 19. Qd3 Rc8 20. b4 e6 21. b5
e4 22. Qd4 Rxc2 23. Qe5+ Qxe5 24. Rxc2 Qa1+ 25. Rc1 Qb2 26. Rd1 Qc2 27. Ra1
Qxd2 28. b6 axb6 29. Rb1 Bb4 30. Rf1 Rf8 31. g3 Bb5 32. Kg2 32... Bxf1+ {
YucLam resigns} 0-1

[Event "ICS rated blitz match"]
[Site "207.99.83.229"]
[Date "1999.05.28"]
[Round "?"]
[White "YucLam"]
[Black "Hossa"]
[Result "0-1"]
[WhiteElo "2438"]
[BlackElo "2533"]
[PlyCount "35"]

1. e4 Nf6 2. Nc3 d5 3. exd5 Nxd5 4. Bc4 Be6 5. Bxd5 Bxd5 6. Nxd5 Qxd5 7. Qf3 e6
8. Qxd5 exd5 9. d4 Nc6 10. Nf3 Nb4 11. Kd1 O-O-O 12. a3 Nc6 13. Be3 Bd6 14. Kd2
f5 15. Bg5 Rde8 16. Rae1 Re4 17. Re3 h6 18. Rxe4 {YucLam resigns} 0-1

[Event "ICS rated blitz match"]
[Site "207.99.83.229"]
[Date "1999.05.28"]
[Round "?"]
[White "Hossa"]
[Black "k64"]
[Result "1-0"]
[WhiteElo "2545"]
[BlackElo "2206"]
[PlyCount "57"]

1. e4 c5 2. Nf3 d6 3. d4 cxd4 4. Nxd4 Nf6 5. Nc3 a6 6. f4 Qc7 7. Bd3 Nbd7 8.
Be3 e6 9. O-O Be7 10. f5 e5 11. Nb3 h6 12. Qf3 b5 13. Qg3 Bb7 14. a4 b4 15. Nd5
Nxd5 16. exd5 Nf6 17. Qxg7 Rg8 18. Qxh6 O-O-O 19. Qh3 Rh8 20. Qf3 Bxd5 21.
Bxa6+ Kb8 22. Qe2 Rdg8 23. Qb5+ Ka8 24. Rf2 Bc6 25. Qxb4 Ng4 26. Bb6 d5 27. Qa5
Bb4 28. Bb7+ Kxb7 29. Qa7+ {k64 resigns} 1-0

[Event "ICS rated blitz match"]
[Site "207.99.83.229"]
[Date "1999.05.28"]
[Round "?"]
[White "Hossa"]
[Black "SuperChicken"]
[Result "0-1"]
[WhiteElo "2549"]
[BlackElo "2755"]
[PlyCount "91"]

1. e4 c5 2. Nf3 e6 3. d4 cxd4 4. Nxd4 Nf6 5. Nc3 d6 6. f4 Nc6 7. Bb5 Bd7 8. O-O
Be7 9. Bxc6 bxc6 10. e5 Nd5 11. exd6 Bxd6 12. Ne4 Be7 13. c4 Nf6 14. Qe2 O-O
15. Nxf6+ Bxf6 16. Rd1 Qc7 17. Nb3 Rfd8 18. Be3 e5 19. Bd2 Re8 20. Ba5 Qc8 21.
Rd2 exf4 22. Qf2 Bg5 23. Rd6 Bg4 24. Re1 Re3 25. Bd2 Be7 26. Rd4 Rxe1+ 27. Bxe1
g5 28. Re4 Bf6 29. Nc5 Qf5 30. b3 a6 31. Ba5 h5 32. Re1 h4 33. Ne4 Bg7 34. Bb4
h3 35. Be7 hxg2 36. Nxg5 f3 37. Ne4 a5 38. Qb6 Rc8 39. Qf2 Be5 40. Nd6 Qf4 41.
Rxe5 Qxe5 42. Bh4 Qxd6 43. Qe3 f6 44. Be1 Qe5 45. Qxe5 fxe5 46. Bxa5 {
Hossa resigns} 0-1

[Event "ICS rated blitz match"]
[Site "207.99.83.229"]
[Date "1999.05.28"]
[Round "?"]
[White "k64"]
[Black "Hossa"]
[Result "0-1"]
[WhiteElo "2186"]
[BlackElo "2542"]
[PlyCount "50"]

1. e4 c5 2. Nf3 e6 3. c3 d5 4. e5 Nc6 5. d4 cxd4 6. cxd4 Bb4+ 7. Nc3 Nge7 8.
Bd3 Bxc3+ 9. bxc3 Nf5 10. O-O O-O 11. a4 Qb6 12. Ba3 Re8 13. Ng5 h6 14. g4 hxg5
15. gxf5 exf5 16. Qh5 Qb3 17. Rfc1 Nxd4 18. cxd4 Qxd3 19. Qxg5 Qxd4 20. Bd6 Be6
21. Ra3 Rac8 22. Re1 Rc2 23. Rf1 Qd2 24. Qh5 f4 25. Rf3 25... Qe2 {k64 resigns}
0-1

[Event "ICS Rated blitz match"]
[Site "207.99.83.229"]
[Date "1999.05.28"]
[Round "?"]
[White "YucLam"]
[Black "Hossa"]
[Result "0-1"]
[WhiteElo "2426"]
[BlackElo "2546"]
[PlyCount "92"]

1. e4 c5 2. Nc3 Nc6 3. g3 g6 4. Bg2 Bg7 5. d3 d6 6. Be3 Nf6 7. h3 Qb6 8. Qd2
Qxb2 9. Rb1 Qa3 10. Nge2 O-O 11. O-O e5 12. Nb5 Qa5 13. Qxa5 Nxa5 14. Nc7 Rb8
15. Na6 Bxh3 16. Nxb8 Bxg2 17. Kxg2 Rxb8 18. Nc3 Nc6 19. Nb5 d5 20. Nd6 dxe4
21. Nxe4 Nxe4 22. dxe4 Bf8 23. Rfd1 Kg7 24. Rd7 b6 25. Rc7 Nb4 26. c3 Nxa2 27.
Rxa7 Nxc3 28. Rc1 Nxe4 29. Kf3 Nf6 30. Bg5 h6 31. Bxf6+ Kxf6 32. Rd1 Ke6 33.
Rdd7 f5 34. Rdb7 Rxb7 35. Rxb7 Bd6 36. Rxb6 Kd5 37. Ke3 h5 38. Rb1 e4 39. Rd1+
Kc6 40. Rc1 Be5 41. Rc4 Kd5 42. Rc1 Bg7 43. Rd1+ Bd4+ 44. Kf4 Ke6 45. Rf1 Kf6
46. f3 46... g5# {YucLam checkmated} 0-1

[Event "ICS rated blitz match"]
[Site "207.99.83.229"]
[Date "1999.05.28"]
[Round "?"]
[White "YucLam"]
[Black "Hossa"]
[Result "0-1"]
[WhiteElo "2415"]
[BlackElo "2557"]
[PlyCount "58"]

1. e4 c5 2. Nc3 Nc6 3. g3 g6 4. Bg2 Bg7 5. d3 d6 6. Be3 Nf6 7. h3 Qb6 8. Qd2
Qxb2 9. Rb1 Qa3 10. Nge2 O-O 11. O-O e5 12. f4 Nd4 13. f5 gxf5 14. Bh6 f4 15.
Bxg7 Kxg7 16. gxf4 Nd7 17. f5 Nxe2+ 18. Nxe2 Kh8 19. Kh1 Rg8 20. f6 Qxa2 21.
Nc3 Qa5 22. Rb5 Qd8 23. Nd5 a6 24. Rbb1 Rg6 25. Qf2 Qf8 26. Bf3 Nxf6 27. Qh4
Rh6 28. Qg3 Rxh3+ 29. Qxh3 29... Bxh3 {YucLam resigns} 0-1

[Event "ICS rated blitz match"]
[Site "207.99.83.229"]
[Date "1999.05.28"]
[Round "?"]
[White "Hossa"]
[Black "Diepeveen"]
[Result "1-0"]
[WhiteElo "2567"]
[BlackElo "2366"]
[PlyCount "115"]

1. e4 c6 2. d4 d5 3. exd5 cxd5 4. Nf3 Nf6 5. Bd3 Nc6 6. O-O Bg4 7. c3 e6 8.
Nbd2 Be7 9. Qb3 Qc8 10. Ne5 Bh5 11. Ndf3 O-O 12. Qc2 a6 13. Bg5 Bg6 14. Nxg6
hxg6 15. Rae1 Qc7 16. Ne5 b5 17. a4 Rfc8 18. Qe2 Nxe5 19. dxe5 Ne4 20. Bxe7
Qxe7 21. Bxe4 dxe4 22. Qxe4 Rab8 23. axb5 Rxb5 24. Re2 g5 25. Rd1 Qb7 26. Qxb7
Rxb7 27. h3 Rcb8 28. Rdd2 Rb5 29. Kh2 Rb3 30. Kg3 Kh7 31. Kg4 Kg6 32. Kf3 a5
33. Rc2 a4 34. Re4 a3 35. bxa3 Rxa3 36. Rc4 Rb5 37. Re2 Raa5 38. Rce4 Rc5 39.
R4e3 Ra3 40. Rc2 Raa5 41. Ke2 Rxe5 42. Rxe5 Rxe5+ 43. Kd3 Rd5+ 44. Kc4 Kf5 45.
Kb4 Ke5 46. c4 Rd4 47. Kb5 Kd6 48. c5+ Kc7 49. Ra2 Rd7 50. Ra7+ Kc8 51. Rxd7
Kxd7 52. Kb6 Kc8 53. Kc6 e5 54. Kd5 f6 55. Ke6 Kc7 56. g4 Kc6 57. Kf7 Kxc5 58.
Kxg7 {Diepeveen resigns} 1-0

[Event "ICS rated blitz match"]
[Site "207.99.83.229"]
[Date "1999.05.28"]
[Round "?"]
[White "Hossa"]
[Black "Quaestor"]
[Result "0-1"]
[WhiteElo "2575"]
[BlackElo "2807"]
[PlyCount "126"]

1. e4 e5 2. Nf3 Nc6 3. Bb5 Nf6 4. O-O Bc5 5. c3 O-O 6. d4 Bb6 7. Bg5 h6 8. Bxc6
hxg5 9. dxe5 dxc6 10. exf6 Qxf6 11. Qe2 g4 12. Nfd2 Qh4 13. Nc4 Bc5 14. Nbd2
Be6 15. b4 Be7 16. Rad1 Rad8 17. Na5 Rb8 18. Ndc4 Rfe8 19. a4 Bg5 20. Ne5 Qh7
21. f4 gxf3 22. Rxf3 Qh5 23. Qf1 Be7 24. Nd7 Rbd8 25. Rfd3 Bg4 26. Nxb7 Bxd1
27. Qxd1 Qxd1+ 28. Rxd1 Ra8 29. Rd3 a5 30. bxa5 Ra7 31. a6 Rxa6 32. Rd4 Ra7 33.
Nbc5 Bd6 34. Kf2 Re7 35. h3 Ra5 36. Nb7 Ra8 37. Ndc5 Re5 38. Nd3 Re6 39. Rc4
Rf6+ 40. Kg1 Bg3 41. Nbc5 Rd8 42. Rd4 Rfd6 43. Nb3 Rb8 44. Ndc1 c5 45. Rxd6
cxd6 46. a5 Bf4 47. Kf2 c4 48. Nd4 Bxc1 49. Nf5 Rb3 50. Nxd6 Rxc3 51. h4 Bf4
52. Nc8 Ra3 53. Ne7+ Kf8 54. Nc6 c3 55. Nb4 Bd6 56. Nd3 c2 57. Nc1 Bf4 58. Ne2
Bg3+ 59. Nxg3 c1=Q 60. Nf5 Qc5+ 61. Nd4 Qxd4+ 62. Ke1 Qb2 63. g3 63... Ra1# {
Hossa checkmated} 0-1

[Event "ICS rated blitz match"]
[Site "207.99.83.229"]
[Date "1999.05.28"]
[Round "?"]
[White "JudgeTurpin"]
[Black "Hossa"]
[Result "1/2-1/2"]
[WhiteElo "2574"]
[BlackElo "2568"]
[PlyCount "154"]

1. d4 d5 2. Bf4 Na6 3. e3 Nf6 4. Bxa6 bxa6 5. Nf3 e6 6. Ne5 Bd6 7. c4 O-O 8.
Nc3 dxc4 9. Bg5 Bxe5 10. dxe5 Qxd1+ 11. Rxd1 Nd5 12. Nxd5 exd5 13. Rxd5 Re8 14.
f4 Bb7 15. Rd7 Bxg2 16. Rg1 Be4 17. Rxc7 Rec8 18. Rxc8+ Rxc8 19. Kd2 Kf8 20.
Kc3 h6 21. Bh4 Bd3 22. Rg3 Bb1 23. a3 a5 24. Kd4 Ba2 25. Rg2 Bb3 26. Kc3 Rb8
27. Rd2 Ba2 28. Rd7 Kg8 29. Rd8+ Rxd8 30. Bxd8 a4 31. Be7 g6 32. Kd4 Bb3 33.
Bc5 a6 34. Be7 Kg7 35. h3 h5 36. Bc5 Kh6 37. Bd6 g5 38. f5 g4 39. e6 fxe6 40.
fxe6 c3 41. e7 Bf7 42. bxc3 gxh3 43. Bf4+ Kg6 44. Ke5 Be8 45. Ke6 Bb5 46. e4
Kg7 47. Bg3 Kg6 48. e5 h4 49. Bf4 a5 50. Bh2 Kg7 51. Bg1 Kg6 52. Kd6 Kf7 53.
Bh2 Ke8 54. Ke6 Bc4+ 55. Kf6 Bd5 56. Bf4 Bc4 57. e6 Be2 58. Be5 Bf1 59. Bc7 Bb5
60. Bh2 Bd3 61. Bd6 Bc4 62. Bb8 Bb3 63. Bf4 Bd5 64. Bc7 Bb3 65. Be5 Ba2 66. c4
Bxc4 67. Bc7 Bd3 68. Bf4 Be2 69. Bb8 Bc4 70. Be5 Be2 71. Bf4 Bc4 72. Bb8 Be2
73. Bh2 Bc4 74. Bd6 Bb5 75. Bc7 Bd3 76. Bb8 Be2 77. Bc7 77... Bd3 {
Game drawn by repetition} 1/2-1/2

[Event "ICS rated blitz match"]
[Site "207.99.83.229"]
[Date "1999.05.28"]
[Round "?"]
[White "Amateur"]
[Black "Hossa"]
[Result "1-0"]
[WhiteElo "2410"]
[BlackElo "2568"]
[PlyCount "66"]

1. e4 e5 2. Nf3 Nc6 3. Bb5 Nf6 4. O-O Bc5 5. Nxe5 Nxe5 6. d4 Qe7 7. dxc5 Nxe4
8. b4 O-O 9. Re1 Nc6 10. c3 Qe5 11. Qe2 Nxb4 12. Ba3 a5 13. Bxb4 axb4 14. Qxe4
Qxe4 15. Rxe4 bxc3 16. Nxc3 Ra5 17. Rc4 Re8 18. Rd1 Ra3 19. Ba4 Re7 20. Nb5
Rxa2 21. Na7 Re8 22. Nxc8 Rxc8 23. Rxd7 Ra1+ 24. Bd1 Re8 25. Kf1 b5 26. Rcd4
Ra7 27. Rb4 g6 28. Rxb5 Kg7 29. c6 h5 30. Rb7 Ra1 31. Rbxc7 Kh6 32. Ra7 Rc1 33.
c7 33... Rc8 {Hossa resigns} 1-0

[Event "ICS rated blitz match"]
[Site "207.99.83.229"]
[Date "1999.05.28"]
[Round "?"]
[White "Hossa"]
[Black "Quaestor"]
[Result "0-1"]
[WhiteElo "2545"]
[BlackElo "2814"]
[PlyCount "77"]

1. e4 e5 2. Nf3 Nf6 3. d4 Nxe4 4. Bd3 d5 5. Nxe5 Bd6 6. O-O O-O 7. Nd2 Bxe5 8.
dxe5 Nc5 9. Bb5 Nc6 10. Bxc6 bxc6 11. Nb3 Ne6 12. Be3 Ba6 13. Re1 Qe7 14. Qd2
Rfb8 15. Qa5 Bc4 16. Nd2 Rxb2 17. Nxc4 dxc4 18. Qc3 Qb4 19. Qxb4 Rxb4 20. Rab1
Rab8 21. Rxb4 Rxb4 22. c3 Rb2 23. Bxa7 c5 24. g3 Rb7 25. Kg2 Rxa7 26. Re2 Ra3
27. Rc2 c6 28. h4 Nc7 29. Rd2 Nd5 30. Rb2 h5 31. Rb8+ Kh7 32. Rb7 Kg6 33. g4
hxg4 34. h5+ Kxh5 35. Rxf7 Rxa2 36. Rxg7 Nxc3 37. Rh7+ Kg5 38. Kf1 Ra1+ 39. Kg2
{Hossa resigns} 0-1

[Event "ICS rated blitz match"]
[Site "207.99.83.229"]
[Date "1999.05.28"]
[Round "?"]
[White "Quaestor"]
[Black "Hossa"]
[Result "1-0"]
[WhiteElo "2820"]
[BlackElo "2539"]
[PlyCount "73"]

1. e4 e5 2. Nf3 Nf6 3. Bc4 Nxe4 4. Nc3 Nd6 5. Bb3 Nc6 6. Qe2 Be7 7. O-O f6 8.
Re1 Nf7 9. d4 exd4 10. Nb5 O-O 11. Bf4 d3 12. Qxe7 Nxe7 13. Bxc7 Qe8 14. Nd6
dxc2 15. Nd4 a5 16. Nxe8 Rxe8 17. Nf5 a4 18. Bxf7+ Kxf7 19. Nd6+ Kf8 20. Nxe8
a3 21. b3 Kxe8 22. Bd6 Ra6 23. Bxe7 d5 24. Bxf6+ Kf7 25. Bd4 Rc6 26. Rac1 g6
27. Re2 Bf5 28. g4 Bxg4 29. Rexc2 Bd7 30. Rxc6 Bxc6 31. Rc3 Ke6 32. Kg2 Kf5 33.
Kf3 g5 34. b4 h5 35. Rxa3 g4+ 36. Ke3 Bd7 37. Ra5 {Hossa resigns} 1-0